[Event "Politiken Cup"]
[Site "Copenhagen DEN"]
[Date "2005.07.23"]
[Round "9"]
[White "Molvig,H"]
[Black "Pedersen,Be"]
[Result "1-0"]
[WhiteElo "2227"]
[BlackElo "2040"]

1.d4 Nf6 2.c4 g6 3.Nc3 d5 4.cxd5 Nxd5 5.e4 Nxc3 6.bxc3 Bg7 7.Bc4 c5 8.Ne2 O-O
9.O-O cxd4 10.cxd4 Nc6 11.Be3 Na5 12.Bd3 Be6 13.Rc1 Bxa2 14.Qa4 Bb3 15.Qb4 Be6
16.d5 Bd7 17.Rfd1 b5 18.Nd4 a6 19.f4 Rc8 20.Rxc8 Bxc8 21.Rc1 Bd7 22.e5 Kh8
23.Ra1 Nc4 24.Bxc4 bxc4 25.Qxc4 Bb5 26.Nxb5 axb5 27.Qxb5 f6 28.e6 f5 29.Ra7 Bf6
30.h3 Qb8 31.Qxb8 Rxb8 32.g4 Re8 33.g5 Bg7 34.Bc5 Bf8 35.Kf2 Kg8 36.Ke3 Kh8
37.Kd3 Kg8 38.Kc4 Rc8 39.Kb5 Rb8+ 40.Kc6 Re8 41.Kd7 Rb8 42.Bxe7 Bg7 43.Bd6  1-0

[Event "Politiken Cup"]
[Site "Copenhagen DEN"]
[Date "2005.07.24"]
[Round "10"]
[White "Bae,T"]
[Black "Olafsson,Thorv"]
[Result "1-0"]
[WhiteElo "2316"]
[BlackElo "2131"]

1.d4 Nf6 2.c4 g6 3.Nc3 d5 4.cxd5 Nxd5 5.e4 Nxc3 6.bxc3 Bg7 7.Nf3 c5 8.Rb1 O-O
9.Be2 Nc6 10.d5 Ne5 11.Nxe5 Bxe5 12.Qd2 e6 13.f4 Bc7 14.O-O exd5 15.exd5 Ba5
16.Rb3 b6 17.Qd1 Bf5 18.c4 Re8 19.Bb2 Qe7 20.Bd3 Qe3+ 21.Kh1 Bxd3 22.Rxd3 Qe2
23.Bf6 Qxd1 24.Rfxd1 Re4 25.d6 b5 26.cxb5 Rxf4 27.Bg5 Re4 28.Rd5 Rae8 29.h3 Bd8
30.d7 Rf8 31.Bh6  1-0

[Event "Open A"]
[Site "Pardubice CZE"]
[Date "2005.07.24"]
[Round "3"]
[White "Peschel,A"]
[Black "Studnicka,T"]
[Result "1-0"]
[WhiteElo "2210"]
[BlackElo "2310"]

1.d4 Nf6 2.c4 g6 3.Nc3 d5 4.cxd5 Nxd5 5.e4 Nxc3 6.bxc3 Bg7 7.Bc4 O-O 8.Ne2 c5
9.Be3 Nc6 10.Rc1 cxd4 11.cxd4 Qa5+ 12.Kf1 Bd7 13.h4 Rfc8 14.h5 Nd8 15.hxg6 hxg6
16.Qd3 b5 17.Bb3 Rxc1+ 18.Bxc1 b4 19.Qg3 Bb5 20.Qxg6 e6 21.Qh7+ Kf8 22.Bh6 Bxh6
23.Qxh6+ Ke8 24.Qf6 Qa6 25.Rh8+ Kd7 26.Qf3 Rc8 27.Ke1 Qa3 28.d5 exd5 29.Qf5+ Kc7
30.Qxd5 Bxe2 31.Qe5+ Kb6 32.Qd6+ Ka5 33.Rxd8 Rc1+ 34.Kxe2 Qb2+ 35.Qd2 Qxd2+
36.Kxd2 Rg1 37.g3 f6 38.Rb8 a6 39.Bc4 f5 40.exf5 b3 41.a4 Kxa4 42.Bxb3+ Ka5
43.Bc4 Rg2 44.Ke3 Ka4 45.f6 a5 46.f7 Rg1 47.Bb5+ Kb3 48.f8=Q Re1+ 49.Kd2 Re5
50.Bd3+  1-0

[Event "Open A"]
[Site "Pardubice CZE"]
[Date "2005.07.24"]
[Round "3"]
[White "Shtyrenkov,V"]
[Black "Brodowski,P"]
[Result "1-0"]
[WhiteElo "2459"]
[BlackElo "2281"]

1.d4 Nf6 2.c4 g6 3.Nc3 d5 4.cxd5 Nxd5 5.e4 Nxc3 6.bxc3 Bg7 7.Bc4 O-O 8.Ne2 c5
9.O-O Nc6 10.Be3 Qc7 11.Rc1 Rd8 12.h3 e6 13.Qd2 Na5 14.Bd3 c4 15.Bc2 b5 16.Bg5 f6
17.Bh6 Bh8 18.f4 f5 19.Qe3 Bb7 20.Kh2 Re8 21.g4 Nc6 22.Bg5 Nd8 23.gxf5 exf5
24.Bxd8 Raxd8 25.e5 Bg7 26.Ng3 Qc6 27.Rf2 Qb6 28.Rb1 a5 29.Ba4 Rd5 30.Rfb2 Qc6
31.Qf2 Ba6 32.Bd1 Bh6 33.Bf3 Bxf4  1-0

[Event "WYb16"]
[Site "Belfort FRA"]
[Date "2005.07.25"]
[Round "7"]
[White "Trofimov,SP"]
[Black "Swinkels,R"]
[Result "1-0"]
[WhiteElo "2411"]
[BlackElo "2291"]

1.d4 Nf6 2.c4 g6 3.Nc3 d5 4.cxd5 Nxd5 5.e4 Nxc3 6.bxc3 Bg7 7.Be3 c5 8.Rc1 Qa5
9.Qd2 O-O 10.Nf3 cxd4 11.cxd4 Qxd2+ 12.Kxd2 Rd8 13.Bb5 Bd7 14.Bxd7 Nxd7 15.Ke2 Nf6
16.Nd2 Ng4 17.h3 Nxe3 18.fxe3 Rac8 19.g4 e6 20.Rhf1 Kf8 21.e5 Kg8 22.Nc4 Bf8
23.Na5 b6 24.Nc6 Re8 25.Nxa7 Ra8 26.Rc7 Re7 27.Rxe7 Bxe7 28.Nb5 Rxa2+ 29.Kd3 Rb2
30.Nc3 b5 31.Rb1 Rh2 32.Rxb5 Rxh3 33.Ne4 h6 34.Rb8+ Kg7 35.Rb7 Bg5 36.Nxg5 hxg5
37.d5 exd5 38.e6 Kf8 39.Rxf7+ Ke8 40.Kd4 Rg3 41.Ra7 Kf8 42.Ra3 Rxg4+ 43.Ke5 Rb4
44.Ra8+ Ke7 45.Ra7+ Kd8 46.Kf6 Re4 47.e7+ Ke8 48.Ra8+ Kd7 49.Rd8+  1-0

[Event "MTO Open"]
[Site "Biel SUI"]
[Date "2005.07.25"]
[Round "7"]
[White "Berczes,D"]
[Black "Widmer,S"]
[Result "1-0"]
[WhiteElo "2495"]
[BlackElo "2189"]

1.d4 Nf6 2.c4 g6 3.Nc3 d5 4.cxd5 Nxd5 5.e4 Nxc3 6.bxc3 Bg7 7.Bc4 Nc6 8.Ne2 O-O
9.O-O b6 10.Bg5 Na5 11.Bd3 c5 12.Rc1 cxd4 13.cxd4 Bb7 14.d5 Qd7 15.Qd2 e6
16.Bh6 exd5 17.Bxg7 Kxg7 18.e5 Qe7 19.f4 Rac8 20.f5 Qxe5 21.f6+ Kh8 22.Qh6 Rg8
23.Rxc8 Bxc8 24.Nf4 Bf5 25.Bxf5 Qxf5 26.Nh3 Qh5 27.Ng5  1-0

[Event "Open Dutch Championship"]
[Site "Dieren NED"]
[Date "2005.07.26"]
[Round "1"]
[White "Neuer,T"]
[Black "Pruijssers,R"]
[Result "0-1"]
[WhiteElo "2089"]
[BlackElo "2261"]

1.d4 Nf6 2.c4 g6 3.Nc3 d5 4.cxd5 Nxd5 5.e4 Nxc3 6.bxc3 Bg7 7.Bc4 c5 8.Ne2 Nc6
9.Be3 O-O 10.O-O Qc7 11.Rc1 Rd8 12.Qc2 Na5 13.Bb3 b6 14.Rfd1 Ba6 15.dxc5 bxc5
16.Bf4 Be5 17.Bxe5 Qxe5 18.Bd5 Rab8 19.f4 Qc7 20.e5 Nc4 21.Bxc4 Bxc4 22.Rxd8+ Rxd8
23.a3 Qa5 24.Ng3 Qxa3 25.f5 Qb3 26.Qf2 Rd1+  0-1

[Event "Open A"]
[Site "Pardubice CZE"]
[Date "2005.07.26"]
[Round "5"]
[White "Rendboe,J"]
[Black "Jeitz,C"]
[Result "1-0"]
[WhiteElo "2259"]
[BlackElo "2170"]

1.d4 Nf6 2.c4 g6 3.Nc3 d5 4.cxd5 Nxd5 5.e4 Nxc3 6.bxc3 Bg7 7.Bc4 c5 8.Be3 Nc6
9.Ne2 O-O 10.O-O Bg4 11.f3 Na5 12.Bxf7+ Rxf7 13.fxg4 Rxf1+ 14.Kxf1 Qd7 15.h3 Rf8+
16.Kg1 cxd4 17.cxd4 Kh8 18.Rc1 b5 19.d5 Nc4 20.Bd4 e5 21.dxe6 Qxe6 22.Bxg7+ Kxg7
23.Qd4+ Kg8 24.Nc3 Nd6 25.Rd1 Nc8 26.Nd5 Ne7 27.g5 Nxd5 28.exd5 Qe2 29.Rc1 Re8
30.d6 Kf7 31.d7  1-0

[Event "International"]
[Site "Guelph CAN"]
[Date "2005.07.28"]
[Round "1"]
[White "Shipov,S"]
[Black "Haessel,D"]
[Result "1-0"]
[WhiteElo "2582"]
[BlackElo "2185"]

1.d4 Nf6 2.c4 g6 3.Nc3 d5 4.cxd5 Nxd5 5.e4 Nxc3 6.bxc3 Bg7 7.Nf3 c5 8.Be3 O-O
9.Be2 Nc6 10.O-O cxd4 11.cxd4 b6 12.Qd2 Bb7 13.Rad1 Rc8 14.h4 Na5 15.d5 Nc4
16.Bxc4 Rxc4 17.Bd4 e6 18.Bxg7 Kxg7 19.Qb2+ Qf6 20.Qxf6+ Kxf6 21.Ng5 Rd8
22.e5+ Ke7 23.d6+ Ke8 24.Nxh7 Rxh4 25.Nf6+ Kf8 26.Rc1 Ra4 27.Rc7 Bd5 28.Rfc1  1-0

[Event "15th ETC"]
[Site "Gothenburg SWE"]
[Date "2005.07.30"]
[Round "1"]
[White "Gormally,D"]
[Black "Wagener,Cl"]
[Result "1-0"]
[WhiteElo "2557"]
[BlackElo "2273"]

1.d4 Nf6 2.c4 g6 3.Nc3 d5 4.cxd5 Nxd5 5.e4 Nxc3 6.bxc3 Bg7 7.Bc4 O-O 8.Ne2 c5
9.Be3 Nc6 10.O-O Bd7 11.Rb1 a6 12.dxc5 Qc7 13.Nd4 Ne5 14.Be2 h5 15.Qb3 Rab8
16.f4 Ng4 17.Bxg4 hxg4 18.f5 Qxc5 19.fxg6 Be6 20.Qb6 Qxb6 21.Rxb6 Bxa2 22.Nf5 Rfe8
23.Rf4 f6 24.Bc5 e6 25.Ne7+ Kh8 26.Rxg4 Rxe7 27.Bxe7 f5 28.exf5 exf5 29.Rh4+ Kg8
30.Bf6  1-0

[Event "Open Dutch Championship"]
[Site "Dieren NED"]
[Date "2005.08.02"]
[Round "7"]
[White "Van der Velden,B"]
[Black "Beeke,B"]
[Result "0-1"]
[WhiteElo "2068"]
[BlackElo "2195"]

1.d4 Nf6 2.c4 g6 3.Nc3 d5 4.cxd5 Nxd5 5.e4 Nxc3 6.bxc3 Bg7 7.Bc4 c5 8.Ne2 O-O
9.Be3 Nc6 10.Rc1 cxd4 11.cxd4 Qa5+ 12.Kf1 Qa3 13.Rc3 Qd6 14.h4 Rd8 15.h5 Be6
16.hxg6 hxg6 17.Bxe6 Qxe6 18.f3 Qxa2 19.Qc1 Nxd4 20.Nxd4 Bxd4 21.Bxd4 Rxd4
22.Rc8+ Rd8 23.Rc7 Qa6+ 24.Kf2 Qb6+ 25.Kg3 Qd6+ 26.Kg4 Qe6+ 27.Kg3 Qe5+ 28.Kf2 Qd4+
29.Kg3 Qd6+ 30.Kg4 Rac8  0-1

[Event "15th ETC"]
[Site "Gothenburg SWE"]
[Date "2005.08.02"]
[Round "4"]
[White "Johannessen,LE"]
[Black "Nyback,T"]
[Result "1/2-1/2"]
[WhiteElo "2543"]
[BlackElo "2571"]

1.d4 Nf6 2.c4 g6 3.Nc3 d5 4.cxd5 Nxd5 5.e4 Nxc3 6.bxc3 Bg7 7.Nf3 c5 8.Rb1 O-O
9.Be2 b6 10.O-O Bb7 11.Qd3 e6 12.Bg5 Qc7 13.Qe3 Nd7 14.e5 Rae8 15.Bb5 Bc6
16.a4 Qb7 17.Rfe1 a6 18.Bf1 cxd4 19.cxd4 Bxa4 20.Qa3 Bb5 21.Bxb5 axb5 22.Rxb5 Ra8
23.Qb3 Rfc8 24.d5 exd5 25.Qxd5 Qxd5 26.Rxd5 Nc5 27.Be7 Bf8 28.Bxf8 Kxf8 29.h3 Rd8
30.Rxd8+ Rxd8 31.Rb1 Rb8 32.Nd4 Ke8 33.f4 Kd7 34.Kf2 Ne6 35.Ke3 Nxd4 36.Kxd4 Kc6
37.Rc1+ Kd7 38.Rb1 b5 39.Kc5 Ke6 40.Rxb5 Rxb5+ 41.Kxb5 Kf5 42.g3 g5 43.fxg5 Kxe5
44.Kc5 Kf5 45.Kd5 Kxg5  1/2-1/2

[Event "It"]
[Site "Charleroi BEL"]
[Date "2005.08.03"]
[Round "6"]
[White "Brunner,N"]
[Black "Cools,G"]
[Result "1-0"]
[WhiteElo "2386"]
[BlackElo "2362"]

1.d4 Nf6 2.c4 g6 3.Nc3 d5 4.cxd5 Nxd5 5.e4 Nxc3 6.bxc3 Bg7 7.Be3 c5 8.Qd2 Qa5
9.Nf3 b6 10.Rc1 Bb7 11.Bd3 Na6 12.O-O O-O 13.d5 c4 14.Bxc4 Rac8 15.Qe2 Bxc3
16.Rxc3 b5 17.Bd4 bxc4 18.Rxc4 Nb4 19.Rxc8 Rxc8 20.Qd2 f6 21.Qh6 Rc7 22.h4 Nc2
23.h5 e5 24.dxe6 Nxd4 25.Nxd4 Qe5 26.Rd1 Rg7 27.Nf5  1-0

[Event "92nd ch-GBR"]
[Site "Douglas IOM"]
[Date "2005.08.04"]
[Round "4"]
[White "Stone,A"]
[Black "Knott,S"]
[Result "1/2-1/2"]
[WhiteElo "2265"]
[BlackElo "2382"]

1.d4 Nf6 2.c4 g6 3.Nc3 d5 4.cxd5 Nxd5 5.e4 Nxc3 6.bxc3 Bg7 7.Bb5+ c6 8.Ba4 O-O
9.Ne2 c5 10.O-O Nc6 11.Be3 Qc7 12.Rc1 Na5 13.Bf4 e5 14.Bg3 Qe7 15.d5 Nc4
16.Bb3 Nd6 17.Qd3 b5 18.c4 Ba6 19.cxb5 Bxb5 20.Qe3 Rac8 21.Rfe1 c4 22.Bc2 h5  1/2-1/2

[Event "It"]
[Site "Charleroi BEL"]
[Date "2005.08.05"]
[Round "8"]
[White "Brunner,N"]
[Black "Plachetka,J"]
[Result "1/2-1/2"]
[WhiteElo "2386"]
[BlackElo "2459"]

1.d4 Nf6 2.c4 g6 3.Nc3 d5 4.cxd5 Nxd5 5.e4 Nxc3 6.bxc3 Bg7 7.Be3 c5 8.Qd2 Qa5
9.Nf3 Nc6 10.Rc1 cxd4 11.cxd4 Qxd2+ 12.Kxd2 O-O 13.d5 Rd8 14.Ke1 Nb4 15.Bd2 Na6
16.Bb5 Kf8 17.Bxa6  1/2-1/2

[Event "15th ETC"]
[Site "Gothenburg SWE"]
[Date "2005.08.05"]
[Round "7"]
[White "San Segundo Carrillo,P"]
[Black "Kristjansson,St"]
[Result "1/2-1/2"]
[WhiteElo "2514"]
[BlackElo "2459"]

1.d4 Nf6 2.c4 g6 3.Nc3 d5 4.cxd5 Nxd5 5.e4 Nxc3 6.bxc3 Bg7 7.Bc4 c5 8.Ne2 O-O
9.O-O Nc6 10.Be3 Bg4 11.f3 cxd4 12.cxd4 Na5 13.Bd3 Be6 14.d5 Bxa1 15.Qxa1 f6
16.Qd4 Bf7 17.Bh6 e6 18.Bxf8 Kxf8 19.Rb1 exd5 20.e5 fxe5 21.Qxe5 Kg8 22.Nd4 Nc6
23.Nxc6 bxc6 24.Rb7 Qf8 25.h4 Re8 26.Qc7 c5 27.Bb5 Rc8 28.Qe5 Qg7 29.Qf4 c4
30.Kh2 Rf8 31.Bc6 d4 32.Bd5 c3 33.g3 h5 34.Qe4 Qf6 35.f4 Bxd5 36.Qxd5+ Rf7
37.Rc7 Qf5 38.Qxd4 Rxc7 39.Qd8+ Qf8 40.Qxc7 Qg7 41.Qc4+ Kh7 42.a4 Qd7  1/2-1/2

[Event "15th ETC"]
[Site "Gothenburg SWE"]
[Date "2005.08.05"]
[Round "7"]
[White "Stefansson,H"]
[Black "Illescas Cordoba,M"]
[Result "1-0"]
[WhiteElo "2579"]
[BlackElo "2624"]

1.d4 Nf6 2.c4 g6 3.Nc3 d5 4.cxd5 Nxd5 5.e4 Nxc3 6.bxc3 Bg7 7.Qa4+ c6 8.Qa3 O-O
9.Bg5 Qc7 10.Bd3 c5 11.Ne2 b6 12.O-O e6 13.dxc5 bxc5 14.Rab1 Nd7 15.Bb5 Bb7
16.f3 Ne5 17.Ng3 c4 18.Be7 a6 19.Ba4 Nd3 20.Bd6 Qc8 21.Bc2 Rd8 22.Bxd3 cxd3
23.Rfd1 e5 24.Rxd3 Qc4 25.Rdd1 Bc6 26.Nf1 Qa4 27.Ne3 h5 28.c4 Rd7 29.Nd5 Rad8
30.Be7 Re8 31.Bb4 a5 32.Bc5 Qxc4 33.Ne7+ Rexe7 34.Bxe7 Rxd1+ 35.Rxd1 Qe2
36.Ra1 f5 37.Qd6 Qe3+ 38.Kh1 Qc3 39.Rd1 Kh7 40.exf5 gxf5 41.Qc5 Qxc5 42.Bxc5 Bb5
43.Kg1 Bc4 44.a3 a4 45.Rd6 Kg8 46.Rd7 Bh6 47.Kf2 Bc1 48.Ra7 Bb3 49.Re7 Bb2
50.Kg3 Bd5 51.Ra7 Bb3 52.Kh4 e4 53.Kxh5 e3 54.Kg6 Kh8 55.Rh7+ Kg8 56.Rb7 Kh8
57.Rb8+  1-0

[Event "15th ETC Women"]
[Site "Gothenburg SWE"]
[Date "2005.08.05"]
[Round "7"]
[White "Kachiani,K"]
[Black "Zaksaite,S"]
[Result "1-0"]
[WhiteElo "2416"]
[BlackElo "2237"]

1.d4 Nf6 2.c4 g6 3.Nc3 d5 4.cxd5 Nxd5 5.e4 Nxc3 6.bxc3 Bg7 7.Be3 c5 8.Qd2 Qa5
9.Rb1 a6 10.Rc1 O-O 11.d5 f5 12.exf5 Bxf5 13.Bd3 Bxd3 14.Qxd3 Qxa2 15.Qe4 Rd8
16.c4 Nd7 17.Nf3 Bb2 18.O-O Bxc1 19.Qe6+ Kh8 20.Bxc1 Qa1 21.Ng5 Nf8 22.Nf7+ Kg7
23.Bh6+ Kg8 24.Bxf8 Qxf1+ 25.Kxf1 Rxf8 26.Ng5+  1-0

[Event "15th ETC"]
[Site "Gothenburg SWE"]
[Date "2005.08.07"]
[Round "9"]
[White "Nyback,T"]
[Black "Neubauer,M"]
[Result "1/2-1/2"]
[WhiteElo "2571"]
[BlackElo "2468"]

1.d4 Nf6 2.c4 g6 3.Nc3 d5 4.cxd5 Nxd5 5.e4 Nxc3 6.bxc3 Bg7 7.Nf3 c5 8.Rb1 O-O
9.Be2 cxd4 10.cxd4 Qa5+ 11.Bd2 Qxa2 12.O-O Bg4 13.Bg5 h6 14.Be3 Nc6 15.d5 Bxf3
16.gxf3 Rfd8 17.Rxb7 e6 18.Rc7 Nb4 19.Bc4 Qb2 20.d6 Qe5 21.f4 Qxd6 22.Qxd6 Rxd6
23.f5 gxf5 24.exf5 Nd5 25.Rxa7 Rxa7 26.Bxa7 exf5 27.Rd1 Rd7 28.Rxd5  1/2-1/2

[Event "HZ Open"]
[Site "Vlissingen NED"]
[Date "2005.08.07"]
[Round "2"]
[White "Halay,T"]
[Black "Schreyer,K"]
[Result "1-0"]
[WhiteElo "2320"]
[BlackElo "1928"]

1.d4 Nf6 2.c4 g6 3.Nc3 d5 4.cxd5 Nxd5 5.e4 Nxc3 6.bxc3 Bg7 7.Nf3 c5 8.h3 O-O
9.Be2 b6 10.O-O Bb7 11.e5 Nc6 12.Bg5 cxd4 13.cxd4 Nb4 14.Qd2 Nd5 15.Bh6 Nc3
16.Bxg7 Nxe2+ 17.Qxe2 Kxg7 18.Rad1 Qd5 19.Rfe1 Rac8 20.Nh4 Rfd8 21.Qg4 Qe6
22.Qf4 Rc3 23.Kh2 Bd5 24.Re3 Rxe3 25.fxe3 f5 26.Nf3 Bxf3 27.Qxf3 Qxa2 28.d5 Qa3
29.Qf4 Qc5 30.e4 Qc2 31.Rd4 fxe4 32.d6 Qc5 33.dxe7 Qxe7 34.Qf6+ Qxf6 35.exf6+ Kxf6
36.Rxd8 Ke6 37.Kg3  1-0

[Event "Proclient Cup GMB"]
[Site "Olomouc CZE"]
[Date "2005.08.08"]
[Round "8"]
[White "Gavrilov,Al1"]
[Black "Bernasek,J"]
[Result "1-0"]
[WhiteElo "2464"]
[BlackElo "2458"]

1.d4 Nf6 2.c4 g6 3.Nc3 d5 4.cxd5 Nxd5 5.e4 Nxc3 6.bxc3 Bg7 7.Qa4+ c6 8.Nf3 O-O
9.Be2 Nd7 10.O-O b5 11.Qc2 Bb7 12.Bg5 Nb6 13.Rfd1 Qc7 14.Rab1 Bc8 15.c4 Nxc4
16.Bxc4 bxc4 17.Qxc4 Bg4 18.d5 Rfc8 19.dxc6 a5 20.Rdc1 Be6 21.Qa4 Ra6 22.Rb7 Qd6
23.c7 Bd7 24.Rb8 Ra8 25.Rxa8 Rxa8 26.e5 Qe6 27.Qh4 Qxa2 28.Bxe7 Rc8 29.Bd6 Be8
30.Re1 h6 31.e6 g5 32.Qg4 fxe6 33.h4 Qd5 34.Be5 Bxe5 35.Rxe5 Qd1+ 36.Re1 Qd7
37.hxg5 h5 38.Qxe6+ Qxe6 39.Rxe6 Kf7 40.Ra6 a4 41.Ne5+ Kg7 42.g6 Kf8 43.f4 Rxc7
44.Ra8 Re7 45.Kf2 Kg7 46.Ra6 Bb5 47.Ra8 Rb7 48.Kg3  1-0

[Event "Hotel Montesano Open A"]
[Site "Villa San Giovanni ITA"]
[Date "2005.08.08"]
[Round "2"]
[White "Estremera Panos,S"]
[Black "Gangemi,S"]
[Result "1-0"]
[WhiteElo "2367"]
[BlackElo "2104"]

1.d4 Nf6 2.c4 g6 3.Nc3 d5 4.cxd5 Nxd5 5.e4 Nxc3 6.bxc3 Bg7 7.Bc4 c5 8.Ne2 O-O
9.O-O cxd4 10.cxd4 Nc6 11.Be3 a6 12.Rc1 Bd7 13.Qd2 Rc8 14.Bh6 Qa5 15.Qxa5 Nxa5
16.Bxg7 Kxg7 17.Bd3 Rxc1 18.Rxc1 Rc8 19.Rxc8 Bxc8 20.f3 b5 21.Kf2 b4 22.Nc1 g5
23.Ke3 Nc6 24.Nb3 e6 25.Nc5 Nb8 26.e5 h6 27.d5 exd5 28.Kd4 Be6 29.Nxa6 Nc6+
30.Kc5 b3 31.axb3 Nxe5 32.Be2 Kf6 33.Nc7 Nd7+ 34.Kd6 Nb6 35.Nxe6 fxe6 36.Kc7 Nc4
37.bxc4 dxc4 38.Bxc4 Ke5 39.Kd7 h5 40.Bxe6 Kf4 41.Ke7  1-0

[Event "HZ Open"]
[Site "Vlissingen NED"]
[Date "2005.08.09"]
[Round "4"]
[White "Van Hecke,E"]
[Black "Livshits,G"]
[Result "0-1"]
[WhiteElo "2195"]
[BlackElo "2375"]

1.d4 Nf6 2.c4 g6 3.Nc3 d5 4.cxd5 Nxd5 5.e4 Nxc3 6.bxc3 Bg7 7.Bc4 c5 8.Ne2 O-O
9.O-O Nc6 10.Be3 Bd7 11.Rb1 Qc7 12.Bd3 Rad8 13.d5 Ne5 14.c4 Ng4 15.Bf4 Be5
16.Bxe5 Qxe5 17.Ng3 b6 18.Be2 h5 19.f4 Qg7 20.Bxg4 Bxg4 21.Qd2 h4 22.Ne2 h3
23.gxh3 Bxh3 24.Rf3 Bg4 25.Rg3 Bh5 26.Rd3 Qf6 27.Ng3 Bg4 28.e5 Qh4 29.Ra3 Rd7
30.Qf2 Bh3 31.Ne4 Qxf2+ 32.Kxf2 Bf5 33.Ke3 Kg7 34.Rb2 Rh8 35.Ng3 Rh3 36.Rab3 e6
37.d6 f6 38.Rg2 Kf7 39.Kf2 Rh4 40.Rf3 Bg4 41.Rc3 Bh3 42.Rg1 Rxf4+ 43.Ke3 fxe5  0-1

[Event "American Continental"]
[Site "Buenos Aires ARG"]
[Date "2005.08.11"]
[Round "6"]
[White "Vera,R"]
[Black "Bronstein,L"]
[Result "1/2-1/2"]
[WhiteElo "2490"]
[BlackElo "2342"]

1.d4 Nf6 2.c4 g6 3.Nc3 d5 4.cxd5 Nxd5 5.e4 Nxc3 6.bxc3 Bg7 7.Nf3 c5 8.Rb1 O-O
9.Be2 Nc6 10.d5 Ne5 11.Nxe5 Bxe5 12.Qd2 e6 13.f4 Bg7 14.c4 b6 15.Bb2 Bxb2
16.Rxb2 Ba6 17.O-O exd5 18.cxd5 Bxe2 19.Qxe2 f5 20.Rd2 fxe4 21.d6 Qd7 22.Qxe4 Rad8
23.Qf3 Rf6 24.Rfd1 Rc8 25.Qd5+ Qe6 26.Qf3 Qd7  1/2-1/2

[Event "American Continental"]
[Site "Buenos Aires ARG"]
[Date "2005.08.11"]
[Round "6"]
[White "Di Benedetto,G"]
[Black "Amura,C"]
[Result "1/2-1/2"]
[WhiteElo "2205"]
[BlackElo "2372"]

1.c4 Nf6 2.Nc3 d5 3.cxd5 Nxd5 4.e4 Nxc3 5.bxc3 g6 6.d4 Bg7 7.Bc4 c5 8.Ne2 Nc6
9.Be3 O-O 10.O-O Bg4 11.f3 Na5 12.Bxf7+ Rxf7 13.fxg4 Rxf1+ 14.Kxf1 Qd7 15.h3 Qe6
16.Qd3 Rd8 17.Bf2 Qc4 18.Qxc4+ Nxc4 19.e5 Bh6 20.Kg1 a6 21.a4 cxd4 22.Bxd4 Kf7
23.Rb1 Rd7 24.h4 Bd2 25.Kf2 Ke6 26.Rd1 g5 27.hxg5 Bxg5 28.Re1 Nb2 29.Kf3 Nd3
30.Rh1 Nxe5+ 31.Ke4 Nxg4 32.Rxh7 Nf6+ 33.Bxf6 Bxf6 34.Nf4+ Kd6 35.Nd5 Bg5
36.Rg7 Bd2 37.c4  1/2-1/2

[Event "Stork YM"]
[Site "Hengelo NED"]
[Date "2005.08.11"]
[Round "6"]
[White "Nyback,T"]
[Black "Lupulescu,C"]
[Result "1/2-1/2"]
[WhiteElo "2571"]
[BlackElo "2542"]

1.d4 Nf6 2.c4 g6 3.Nc3 d5 4.cxd5 Nxd5 5.e4 Nxc3 6.bxc3 Bg7 7.Nf3 c5 8.Rb1 O-O
9.Be2 b6 10.O-O Bb7 11.Qd3 e6 12.Bg5 Qc8 13.Qe3 Ba6 14.e5 Bxe2 15.Qxe2 cxd4
16.cxd4 Qb7 17.Rfc1 Nd7 18.Rc4 h6 19.Bd2 Rfc8 20.Rbc1 Bf8 21.Rxc8 Rxc8 22.Rxc8 Qxc8
23.d5 Qc2 24.dxe6 fxe6 25.g4 Bg7 26.Qb5 Qe4 27.Qxd7 Qxg4+ 28.Kf1 Qxf3 29.Qxe6+ Kh7
30.Be3 Qe4 31.Qd7 Qxe5 32.Qxa7 Qxh2 33.Qxb6 Qh3+ 34.Ke1 Qh1+ 35.Ke2 Qh5+
36.f3 Qh2+ 37.Bf2 Qe5+ 38.Qe3 Qb2+  1/2-1/2

[Event "ch-ISL"]
[Site "Reykjavik ISL"]
[Date "2005.08.11"]
[Round "1"]
[White "Thorsteinsson,T"]
[Black "Thorfinnsson,Bj"]
[Result "1-0"]
[WhiteElo "2277"]
[BlackElo "2328"]

1.d4 Nf6 2.c4 g6 3.Nc3 d5 4.cxd5 Nxd5 5.e4 Nxc3 6.bxc3 Bg7 7.Be3 O-O 8.Qd2 c5
9.Nf3 Qa5 10.Rc1 Rd8 11.d5 Nc6 12.Be2 e6 13.O-O b6 14.Rfd1 exd5 15.exd5 Ne7
16.Bg5 Rd7 17.Qe3 Nf5 18.Qe8+ Bf8 19.Qe4 Ba6 20.Ne5 Rb7 21.Bxa6 Qxa6 22.Qf3 Nd6
23.Ng4 f5 24.Nf6+ Kh8 25.g4 Qc4 26.gxf5 gxf5 27.Nh5 Be7 28.Bf4 Qe4 29.Qxe4 Nxe4
30.f3 Nf6 31.Be5  1-0

[Event "HZ Open"]
[Site "Vlissingen NED"]
[Date "2005.08.11"]
[Round "6"]
[White "Halay,T"]
[Black "Van Weersel,A"]
[Result "1-0"]
[WhiteElo "2320"]
[BlackElo "2173"]

1.d4 Nf6 2.c4 g6 3.Nc3 d5 4.cxd5 Nxd5 5.e4 Nxc3 6.bxc3 Bg7 7.Nf3 c5 8.h3 O-O
9.Be2 Nc6 10.Be3 cxd4 11.cxd4 f5 12.exf5 Qa5+ 13.Bd2 Qxf5 14.O-O Nxd4 15.Nxd4 Bxd4
16.Bh6 Bxa1 17.Bxf8 Kxf8 18.Qd8+ Kg7 19.Rxa1 Qd7 20.Rd1 Qxd8 21.Rxd8 e6 22.Bb5 a6
23.Bd7 Bxd7 24.Rxa8 Bc6 25.f3 h5 26.h4 e5 27.Rd8 Kf6 28.g3 e4 29.f4 Ke7 30.Rd4 Ke6
31.Kf2 Ke7 32.Ke3 Ke6 33.Rd8 Ke7 34.Rg8 Kf7 35.Rb8 Ke6 36.Kd4 Kf5 37.Ke3 Ke6
38.a4 Kf6 39.a5 Ke6 40.Rd8 Ke7 41.Rd2 Ke6 42.Rc2 Kd5 43.Rc3 Kd6 44.Kd4 Ke6
45.Rc5 Kf6 46.Rg5 Bd7 47.Kxe4 Bf5+ 48.Kd5 Ke7 49.Kc5 Kd7 50.Kb6 Kc8 51.g4 Bxg4
52.Rxg6 Bf3 53.Rg7  1-0

[Event "FSIMA August"]
[Site "Budapest HUN"]
[Date "2005.08.12"]
[Round "7"]
[White "Zucchelli,M"]
[Black "Szeberenyi,A"]
[Result "1/2-1/2"]
[WhiteElo "2152"]
[BlackElo "2396"]

1.d4 Nf6 2.c4 g6 3.Nc3 d5 4.cxd5 Nxd5 5.e4 Nxc3 6.bxc3 Bg7 7.Bc4 O-O 8.Ne2 c5
9.O-O Nc6 10.Be3 Bd7 11.Rc1 Rc8 12.e5 b5 13.Bxb5 Nxe5 14.Bxd7 Nxd7 15.Qa4 cxd4
16.Bxd4 Bxd4 17.Nxd4 Qc7 18.Nf3 Ne5  1/2-1/2

[Event "92nd ch-GBR"]
[Site "Douglas IOM"]
[Date "2005.08.12"]
[Round "11"]
[White "Poobalasingam,P"]
[Black "Humphreys,Je"]
[Result "1-0"]
[WhiteElo "2067"]
[BlackElo "2115"]

1.d4 Nf6 2.c4 g6 3.Nc3 d5 4.cxd5 Nxd5 5.e4 Nxc3 6.bxc3 Bg7 7.Bc4 c5 8.Ne2 O-O
9.O-O Nc6 10.Be3 Bg4 11.f3 Bd7 12.Rb1 Qc7 13.dxc5 Rad8 14.Qe1 Bc8 15.Bd5 Na5
16.Nd4 e6 17.Bb3 Nxb3 18.axb3 Qd7 19.b4 e5 20.Nb3 Qb5 21.Na5 Be6 22.Qc1 Bc4
23.Rd1 f5 24.exf5 gxf5 25.Rxd8 Rxd8 26.Bh6 f4 27.Bxg7 Kxg7 28.Qe1 Re8 29.Rd1 Bf7
30.Qe4 b6 31.Nb7 Qa4 32.Re1 Bg6 33.Qd5 Qc2 34.Qd7+ Kg8 35.c6 Qxc3 36.Rd1 Qe3+
37.Kh1 e4 38.c7 exf3 39.Qd5+ Kf8 40.gxf3 Bf7 41.Qd6+ Kg8 42.Rg1+ Bg6 43.Qc6 Rc8
44.Nd6 Rxc7 45.Qa8+  1-0

[Event "Independence Cup A"]
[Site "Kiev UKR"]
[Date "2005.08.12"]
[Round "10"]
[White "Borsuk,K"]
[Black "Shishkin,Va UKR"]
[Result "0-1"]
[WhiteElo "2215"]
[BlackElo "2507"]

1.d4 Nf6 2.c4 g6 3.Nc3 d5 4.cxd5 Nxd5 5.e4 Nxc3 6.bxc3 Bg7 7.Bc4 O-O 8.Ne2 Nc6
9.O-O e5 10.d5 Na5 11.Bd3 b6 12.c4 f5 13.Ba3 Rf7 14.c5 Bf8 15.Qc2 Nb7 16.Bc4 Nxc5
17.Bxc5 Bxc5 18.d6 cxd6 19.Qb3 Qe8 20.Nc3 Kg7 21.Bxf7 Qxf7 22.Qxf7+ Kxf7
23.Rfd1 Ba6 24.Rac1 Ke6 25.Rc2 Rc8 26.exf5+ gxf5 27.Na4 e4 28.Rcd2 Rc6 29.g4 fxg4
30.Rd5 Be2 31.R1d2 Bb4 32.R2d4 Bf3  0-1

[Event "US Open"]
[Site "Phoenix USA"]
[Date "2005.08.13"]
[Round "8"]
[White "Christiansen,L"]
[Black "Yermolinsky,A"]
[Result "1-0"]
[WhiteElo "2524"]
[BlackElo "2574"]

1.d4 Nf6 2.c4 g6 3.Nc3 d5 4.cxd5 Nxd5 5.e4 Nxc3 6.bxc3 Bg7 7.Qa4+ Qd7 8.Qb3 O-O
9.Nf3 c5 10.Be3 cxd4 11.cxd4 Nc6 12.Rd1 Qd6 13.d5 Ne5 14.Be2 Bg4 15.Rc1 b6
16.O-O Rfc8 17.Nd4 Bxe2 18.Nxe2 Ng4 19.Bf4 Be5 20.Qg3 Bxf4 21.Nxf4 Ne5 22.Ne2 Rc4
23.Rxc4 Nxc4 24.Rc1 Qxg3 25.hxg3 Rc8 26.Nd4 Rc5 27.Nb3 Rc8 28.g4 Kf8 29.f4 b5
30.g5 a6 31.Kf2 e6 32.dxe6 fxe6 33.Nd4 Kf7 34.Rh1 Rd8 35.Rxh7+ Kg8 36.Rg7+ Kh8
37.Nxe6 Rd2+ 38.Kg3 Rd3+ 39.Kh4 Ne3 40.Rxg6  1-0

[Event "FSIMA August"]
[Site "Budapest HUN"]
[Date "2005.08.14"]
[Round "9"]
[White "Laciner,K"]
[Black "Szeberenyi,A"]
[Result "1-0"]
[WhiteElo "2179"]
[BlackElo "2396"]

1.d4 Nf6 2.c4 g6 3.Nc3 d5 4.cxd5 Nxd5 5.e4 Nxc3 6.bxc3 Bg7 7.Bc4 O-O 8.Ne2 c5
9.O-O Nc6 10.Be3 Qc7 11.Rc1 Na5 12.Bd3 b6 13.Nf4 e6 14.e5 Bb7 15.Qg4 cxd4
16.cxd4 Qd7 17.h4 Rfc8 18.h5 Nc6 19.hxg6 hxg6 20.Bb5 a6 21.Ba4 b5 22.Bb3 Nb4
23.Nxg6 Nd5 24.Bxd5 Bxd5 25.Nf4 Be4 26.Nh5 Bg6 27.Bh6 Rxc1 28.Rxc1 Bxh6 29.Nf6+ Kg7
30.Nxd7 Bxc1 31.Qf3 Rc8 32.Qf6+ Kh6 33.Qh4+ Kg7 34.Qe7 Bb2 35.Nc5 Bf5 36.g4 Bxd4
37.Nb3 Bxe5 38.gxf5 Bf6 39.Qb7 Re8 40.Qxa6 b4 41.Qb5 Ra8 42.fxe6 Rxa2 43.Qb7  1-0

[Event "American Continental"]
[Site "Buenos Aires ARG"]
[Date "2005.08.15"]
[Round "10"]
[White "Dos Santos,R"]
[Black "Kudrin,S"]
[Result "0-1"]
[WhiteElo "2393"]
[BlackElo "2559"]

1.d4 Nf6 2.c4 g6 3.Nc3 d5 4.cxd5 Nxd5 5.e4 Nxc3 6.bxc3 Bg7 7.Nf3 c5 8.Rb1 O-O
9.Be2 Nc6 10.d5 Ne5 11.Nxe5 Bxe5 12.Qd2 e6 13.f4 Bc7 14.O-O exd5 15.exd5 Ba5
16.Rb5 b6 17.Rxa5 bxa5 18.c4 Rb8 19.Ba3 Rb4 20.Bxb4 axb4 21.Bd3 Qf6 22.Qf2 Qc3
23.Rd1 Bd7 24.Bf1 Rc8 25.d6 a5 26.h3 a4 27.Bd3 a3 28.f5 Qf6 29.Bc2 Kg7 30.Kh2 Bxf5
31.Bxf5 Qe5+ 32.Qg3 Qxg3+ 33.Kxg3 gxf5 34.Rd5 Rd8 35.Rxc5 Rxd6 36.Rb5 Rd3+
37.Kf4 Rd4+ 38.Kxf5 Rxc4 39.g4 h6 40.Rb6 Rd4 41.Rb8 Rd2 42.Rxb4 Rxa2 43.Rf4 Rb2
44.Ra4 Rf2+ 45.Ke4 a2 46.Ke3 Rb2 47.Ra6 Kf8 48.Ra7 Ke8 49.h4 Kd8 50.Kd3 Rg2
51.g5 h5 52.Ke3 Rh2  0-1